GeoGuessr - US no front plates - Statistics

General Stats
  • This quiz has been taken 104 times
  • The average score is 9 of 22
Answers on the Grid
Answers color-coded by a green-red scale on the quiz's grid according to % correct below.
Alabama
Alaska
Arizona
Arkansas
California
Colorado
Connecticut
Delaware
Florida
Georgia
Hawaii
Idaho
Illinois
Indiana
Iowa
Kansas
Kentucky
Louisiana
Maine
Maryland
Massachusetts
Michigan
Minnesota
Mississippi
Missouri
Montana
Nebraska
Nevada
New Hampshire
New Jersey
New Mexico
New York
North Carolina
North Dakota
Ohio
Oklahoma
Oregon
Pennsylvania
Rhode Island
South Carolina
South Dakota
Tennessee
Texas
Utah
Vermont
Virginia
Washington
Washington, D.C.
West Virginia
Wisconsin
Wyoming
 
Answer Stats
Answer % Correct
Alabama
59%
Tennessee
59%
Georgia
55%
Florida
52%
Mississippi
52%
Louisiana
50%
Arkansas
48%
South Carolina
45%
Ohio
43%
Oklahoma
43%
Arizona
41%
New Mexico
39%
North Carolina
36%
Pennsylvania
36%
Kentucky
34%
West Virginia
34%
Indiana
32%
Kansas
30%
Michigan
30%
Utah
20%
Delaware
16%
Alaska
9%
No matching quizzes found
Score Distribution
Percent of People with Each Score
Percentile by Number Answered
Your Score History
You have not taken this quiz